Handbook of Piping Design/ (Record no. 11746)

MARC details
000 -LEADER
fixed length control field 00479nam a22001577a 4500
008 - FIXED-LENGTH DATA ELEMENTS--GENERAL INFORMATION
fixed length control field 090607t xxu||||| |||| 00| 0 eng d
020 ## - INTERNATIONAL STANDARD BOOK NUMBER
International Standard Book Number 9788122424560
082 ## - DEWEY DECIMAL CLASSIFICATION NUMBER
Edition number 22
Classification number 621.8672
Item number SAH
245 ## - TITLE STATEMENT
Title Handbook of Piping Design/
Statement of responsibility, etc G. K. Sahu
250 ## - EDITION STATEMENT
Edition statement 2nd ed.
260 ## - PUBLICATION, DISTRIBUTION, ETC. (IMPRINT)
Place of publication, distribution, etc New Delhi:
Name of publisher, distributor, etc New Age International,
Date of publication, distribution, etc 2009
300 ## - PHYSICAL DESCRIPTION
Extent 472p.:
Other physical details ill.;
Dimensions 22 cm.
650 ## - SUBJECT ADDED ENTRY--TOPICAL TERM
9 (RLIN) 2098
Topical term or geographic name as entry element Piping
General subdivision -- Design and construction
650 ## - SUBJECT ADDED ENTRY--TOPICAL TERM
9 (RLIN) 2099
Topical term or geographic name as entry element Piping
Form subdivision -- Handbooks, manuals
942 ## - ADDED ENTRY ELEMENTS (KOHA)
Source of classification or shelving scheme Dewey Decimal Classification
Item type Book - Borrowing
Holdings
Withdrawn status Item status Source of classification or shelving scheme Damaged status Not for loan Vendor Home library Current library Shelving location Date acquired Source of acquisition Cost, normal purchase price Serial Enumeration / chronology Total Checkouts Total Renewals Full call number Barcode Date last seen Date last borrowed Koha item type
    Dewey Decimal Classification     Alahram Central Library Central Library First floor 07/06/2009   317.00 358 5 53 621.8672 SAH 000016162 15/07/2025 22/11/2022 Book - Borrowing